[Event "Medellin Experts 17th"]
[Site "Medellin"]
[Date "2010.08.08"]
[Round "9.3"]
[White "Estupinan, Sergio"]
[Black "Reyes Rios, Juan Camilo"]
[Result "1/2-1/2"]
[WhiteElo "1937"]
[BlackElo "1996"]
[PlyCount "77"]
[EventDate "2010.08.04"]
[EventType "swiss"]
[EventRounds "9"]
[EventCountry "COL"]
[SourceTitle "EXT 2024"]
[Source "ChessBase"]
[SourceDate "2023.10.10"]
[SourceVersion "1"]
[SourceVersionDate "2023.10.10"]
[SourceQuality "1"]

1. e4 c5 2. c3 d5 3. exd5 Qxd5 4. d4 Nf6 5. Nf3 Bg4 6. Be2 e6 7. 0-0 Be7 8. h3 Bh5 9. c4 Qd6 10. dxc5 Qxd1 11. Rxd1 Bxc5 12. Nc3 0-0 13. g4 Bg6 14. a3 a5 15. Ne5 Nc6 16. Nxc6 bxc6 17. Bf3 Rac8 18. Bf4 Bc2 19. Rd2 Bb3 20. g5 Ne8 21. Ne4 Ba7 22. Rc1 a4 23. Rd7 Bb8 24. Be3 f5 25. Nc5 Be5 26. Bd4 Bxd4 27. Rxd4 e5 28. Rd7 e4 29. Bh5 Nc7 30. Bd1 Rfd8 31. Bxb3 Rxd7 32. Nxd7 axb3 33. Rc3 Ne6 34. Rxb3 Nxg5 35. Kg2 Kf7 36. Nc5 Rc7 37. a4 Ne6 38. Nb7 Nd4 39. Rb6 1/2-1/2

[Event "Medellin Experts 17th"]
[Site "Medellin"]
[Date "2010.08.06"]
[Round "4.5"]
[White "Estupinan, Sergio"]
[Black "Jaramillo Ochoa, Mateo"]
[Result "1/2-1/2"]
[WhiteElo "1937"]
[BlackElo "1976"]
[PlyCount "99"]
[EventDate "2010.08.04"]
[EventType "swiss"]
[EventRounds "9"]
[EventCountry "COL"]
[SourceTitle "EXT 2024"]
[Source "ChessBase"]
[SourceDate "2023.10.10"]
[SourceVersion "1"]
[SourceVersionDate "2023.10.10"]
[SourceQuality "1"]

1. e4 c5 2. c3 d5 3. exd5 Qxd5 4. d4 Nf6 5. Nf3 e6 6. Be2 Nc6 7. 0-0 Be7 8. Na3 cxd4 9. Nb5 Qd8 10. Bf4 Nd5 11. Bg3 dxc3 12. bxc3 a6 13. c4 axb5 14. cxd5 exd5 15. Bxb5 0-0 16. a4 Be6 17. Rc1 Qb6 18. Qe2 Bf6 19. Rfd1 Rfe8 20. Qd3 Rec8 21. h3 Ne7 22. Qe2 Nf5 23. Be5 Bxe5 24. Qxe5 Qd6 25. g4 Qxe5 26. Nxe5 Nd6 27. Rxc8+ Rxc8 28. f4 Nxb5 29. axb5 f6 30. Nf3 Rc5 31. Nd4 Bd7 32. Rb1 Rc4 33. Ne2 d4 34. Rd1 Bxb5 35. Nxd4 Ba4 36. Rd3 Rc1+ 37. Kf2 Rd1 38. Ke3 Rxd3+ 39. Kxd3 Kf7 40. f5 Ke7 41. h4 Bd7 42. Ke4 Kd6 43. Nb3 Bc6+ 44. Kd4 Bf3 45. g5 Bd1 46. Nc5 b5 47. Ne4+ Ke7 48. gxf6+ gxf6 49. Nc3 Bc2 50. Nxb5 1/2-1/2

[Event "Medellin Experts 17th"]
[Site "Medellin"]
[Date "2010.08.06"]
[Round "5.7"]
[White "Mesa, Francisco Alonso Jr"]
[Black "Estupinan, Sergio"]
[Result "0-1"]
[WhiteElo "1993"]
[BlackElo "1937"]
[PlyCount "56"]
[EventDate "2010.08.04"]
[EventType "swiss"]
[EventRounds "9"]
[EventCountry "COL"]
[SourceTitle "EXT 2024"]
[Source "ChessBase"]
[SourceDate "2023.10.10"]
[SourceVersion "1"]
[SourceVersionDate "2023.10.10"]
[SourceQuality "1"]

1. e4 c5 2. Nf3 Nc6 3. d4 cxd4 4. Nxd4 Nf6 5. Nc3 e5 6. Ndb5 d6 7. Bg5 a6 8. Na3 b5 9. Nd5 Be7 10. Bxf6 Bxf6 11. c3 0-0 12. Nc2 Bg5 13. a4 Rb8 14. b4 Be6 15. axb5 axb5 16. h4 Bh6 17. Ra6 Bxd5 18. Qxd5 Ne7 19. Qd3 d5 20. exd5 Nxd5 21. g3 Nxc3 22. Qxc3 Qd5 23. Rxh6 gxh6 24. Rh2 Rbc8 25. Qd3 Qa2 26. Ne3 Rfd8 27. Qe2 Qb1+ 28. Nd1 Qxb4+ 0-1